<?xml version="1.0" encoding="UTF-8"?>
<marc:record xmlns:marc="http://www.loc.gov/MARC21/slim">
   <marc:leader>00000nam a2200000 a 4500</marc:leader>
   <marc:datafield ind1="1" ind2=" " tag="100">
      <marc:subfield code="a">Moers, Walter</marc:subfield>
      <marc:subfield code="4">aut</marc:subfield>
      <marc:subfield code="e">Verfasser/-in</marc:subfield>
   </marc:datafield>
   <marc:datafield ind1="0" ind2="0" tag="245">
      <marc:subfield code="a">Der Schrecksenmeister</marc:subfield>
   </marc:datafield>
   <marc:datafield ind1=" " ind2="1" tag="264">
      <marc:subfield code="b">Penguin Random House</marc:subfield>
      <marc:subfield code="c">2020</marc:subfield>
   </marc:datafield>
   <marc:datafield ind1="1" ind2=" " tag="490">
      <marc:subfield code="a">Zamonien</marc:subfield>
   </marc:datafield>
   <marc:datafield ind1="1" ind2=" " tag="520">
      <marc:subfield code="a">Seltame Bakterien, Hirnhusten und Nierenverzagen, Magenmumps und Darmschnupfen halten die Stadt Sledwaya fest im Griff. Sie zwingen Echo, das Krätzchen, zu einem verzweifelten Schritt: Um nicht zu verhungern, verkauft es sein Leben an den Schrecksenmeister Eißpin. Verwöhnt auf höchstem kulinarischen Niveau, denkt sich Echo so manchen Trick aus, um sein Fett und Fell vor dem Kochtopf Eißpins zu retten. Ein faustischer Pakt und alchemistische Künste stehen im Mittelpunkt dieses Märchens aus Zamonien, mit dem sich Walter Moers einmal mehr als tollkühner Surfer auf den Meeren der Weltliteratur erweist ...
Dies ist ein Roman, der im legendären Bücherreich Zamonien spielt.</marc:subfield>
   </marc:datafield>
   <marc:datafield ind1=" " ind2=" " tag="020">
      <marc:subfield code="a">9783328107507</marc:subfield>
      <marc:subfield code="9">9783328107507</marc:subfield>
   </marc:datafield>
</marc:record>
